Olimpijskie kraje przyjmujące - Statystyki

Ogólne statystyki
  • Ten quiz został rozwiązany 455 razy
    449 od ostatniego zresetowania
  • Średni wynik to 20 z 24
Statystyki odpowiedzi
# Kraj % Poprawnych
9 Stany Zjednoczone
99%
2 Chiny
97%
4 Japonia
97%
3 Kanada
97%
1 Rosja
97%
1 Brazylia
95%
6 Francja
95%
3 Niemcy
95%
3 Wielka Brytania
95%
1 Hiszpania
93%
4 Włochy
92%
2 Korea Południowa
90%
2 Australia
89%
2 Grecja
88%
1 Meksyk
87%
1 Szwecja
86%
2 Norwegia
83%
1 Finlandia
79%
2 Austria
72%
1 Holandia
71%
2 Szwajcaria
71%
1 Belgia
67%
1 Jugosławia
56%
1 Związek Radziecki
29%
Nie znaleziono quizów pasujących do podanych kryteriów
Rozkład punktacji
Procent ludzi z każdym wynikiem
Percentyl według liczby udzielonych odpowiedzi
Twoja historia wyników
Nie rozwiązałeś tego quizu od ostatniego zresetowania